Cultura, tecnología y modelos alternativos de dasarrollo.

Pred 500 rokmi tvorila Latinská Amerika oblasť, kde rozvoj spĺňal potreby rôznych kultúr. Dobytie Španielmi túto štruktúru rozbilo a uvrhlo obyvateľstvo Latinskej Ameriky do zaostalosti a biedy. Návrhy na oživenie projektov zlepšenia životných podmienok a projektov, ktoré boli úspešné ešte pred obja...

Descripción completa

Guardado en:
Detalles Bibliográficos
Autor principal: Guillermo Lumbreras, L.
Formato: Capítulo de libro
Lenguaje:español
Materias:
Etiquetas: Agregar Etiqueta
Sin Etiquetas, Sea el primero en etiquetar este registro!

MARC

LEADER 00000naa a2200000 4500
001 r009019
005 20221208122322.5
041 0 |a spa 
044 |a MX 
245 1 0 |a Cultura, tecnología y modelos alternativos de dasarrollo.  |c L. Guillermo Lumbreras 
520 |a Pred 500 rokmi tvorila Latinská Amerika oblasť, kde rozvoj spĺňal potreby rôznych kultúr. Dobytie Španielmi túto štruktúru rozbilo a uvrhlo obyvateľstvo Latinskej Ameriky do zaostalosti a biedy. Návrhy na oživenie projektov zlepšenia životných podmienok a projektov, ktoré boli úspešné ešte pred objavením Ameriky. 
610 2 0 |a rozvoj hospodársky 
610 2 0 |a Latinská Amerika 
610 2 0 |a kultúra 
610 2 0 |a technológia 
610 2 0 |a podmienky životné 
610 2 0 |a modely 
100 1 |a Guillermo Lumbreras, L.